000 00701nam a22002057a 4500
999 _c20714
_d20714
003 AR-CdUCM
008 190604b ||||| |||| 00| 0 spa d
040 _aMUNICIPALIDAD PROVINCIAL DEL CUSCO
_cBIBLIOTECA MUNICIPAL DEL CUSCO
082 _a863 /
_bS21
100 _aSantillana, Roque de
_943266
245 _aEl último héroe :
_bMaravillosa novela del porvenir /
260 _aMadrid :
_bR. marzo,
300 _a349 páginas ;
_c20 cm.
500 _a[libro reempastado]
505 _aContenido: ¡Glo-glo-glo! en donde nace el Héroe -- Tic-tac -- Estoicismo del Héroe...
650 _aNovela del porvenir
_943267
650 _aÚltimo Héroe
_943268
942 _2ddc
_cLIBROS
945 _aAndy